10 Random Numbers 1-67- Blind Ranking - Statistics

General Stats
  • This quiz has been taken 78 times
  • The average score is 5 of 10
Answers on the Map
Answers color-coded by a green-red scale on the quiz's map according to % correct below.
 
Answer Stats
Number % Correct
1
100%
13
100%
18
100%
2
100%
39
100%
4
100%
47
100%
48
100%
5
100%
51
100%
56
100%
58
100%
7
100%
15
75%
25
75%
29
75%
36
75%
17
67%
20
67%
28
67%
30
67%
32
67%
43
67%
46
67%
52
67%
62
67%
9
67%
65
60%
21
50%
24
50%
33
50%
44
50%
45
50%
53
50%
55
50%
57
50%
59
50%
63
50%
64
50%
16
40%
23
40%
8
40%
10
33%
26
33%
31
33%
35
33%
37
33%
42
33%
49
33%
50
33%
11
0%
12
0%
14
0%
19
0%
22
0%
27
0%
3
0%
34
0%
38
0%
40
0%
41
0%
54
0%
6
0%
60
0%
61
0%
66
0%
67
0%
No matching quizzes found
Score Distribution
Percent of People with Each Score
Percentile by Number Answered
Your Score History
You have not taken this quiz